000 00638nam a2200217Ia 4500
003 GCL
008 140319s9999 xx 000 0 ara d
040 _aGCL /
_cGCL
082 0 4 _aق
_b962
_bج ق
100 1 _aجميل عبيد
245 1 0 _aقصة إحتلال محمد على لليونان (تاريخ المصريين) /
_cجميل عبيد
260 _a[S.N] :
_bالهيئة المصرية العامة للكتاب ،
_c1990
300 _a175 ص
490 _a
650 0 4 _aالعصر الحديث
650 0 4 _aمصر
650 0 4 _aتاريخ
650 0 4 _aالجيش
650 0 4 _aالاسطول
942 _2ddc
_cBK
999 _c52371
_d52371